• 首页
  • 本馆介绍
  • 公告通知
  • 最新文献
  • 馆藏检索
  • 电子资源
  • 读者导购
  • 参考咨询
  • 我的图书馆
  • 登录
  • 详细信息显示
  • 放入我的书架
  • 预约/预借图书
  • 作者相关作品
  • 分类相关作品
  • 丛书相关作品
  • 出版社相关作品

书目信息

  • 表格格式
  • 工作单格式
  • 卡片格式
题名:
扬琴基础教程
    
 
作者: 李小刚 编著
分册:  
出版信息: 北京   国际文化出版公司  1999.12
页数: 198页
开本: 16开
丛书名: 民族乐器基础教程系列丛书
单 册:
中图分类: J632.51
科图分类:
主题词: 民族器乐--理论 , 扬琴--奏法--教材
电子资源:
ISBN: 7-80105-824-0
000 00676nam0 2200229 45
001 0211261490
005 20031219104101.5
010    @a7-80105-824-0@dCNY22.80
100    @a20021126d1999 km y0chiy0120 ea
101 0  @achi
105    @a z 000yy
200 1  @a扬琴基础教程@AYang Qin Ji Chu Jiao Cheng@f李小刚编著@FLi Xiao Gang Bian Zhu
210    @a北京@c国际文化出版公司@d1999.12
215    @a198页@d16开
225    @a民族乐器基础教程系列丛书
410    @12001 @a民族乐器基础教程系列丛书
606 0  @a民族器乐@x理论
606 0  @a扬琴@x奏法@x教材
690    @aJ632.51@v4
701    @a李小刚@4编著
801    @aCN@bTSTC@c20021126
905    @b318139-141@dJ632.51@e34@f3
    
    扬琴基础教程/李小刚编著.-北京:国际文化出版公司,1999.12
    198页;16开.-(民族乐器基础教程系列丛书)
    
    
    ISBN 7-80105-824-0:CNY22.80
    
●
相关链接 在E读中查询图书 在五车中查询图书 在当当中查询图书 在豆瓣中查询图书


正题名:扬琴基础教程     索取号:J632.51/34         预约/预借

序号 登录号 条形码 馆藏地/架位号 状态 备注
1 0318139   203181396   第一借阅区/ [索取号:J632.51/34] 已借出,限还日期为2015.10.12
借出人:高秀敏  
 
2 0318140   203181403   第一借阅区/ [索取号:J632.51/34] 在馆    
3 0318141   203181412   第一样本阅览室/ [索取号:J632.51/34] 在馆    
唐山师范学院图书馆 欢迎您!
大连网信软件有限公司© 版权所有